Derecho del sistema financiero y tecnologa̕

Detalles Bibliográficos
Autor principal: Madrid Parra, Agustn̕
Formato: eBook
Lenguaje:español
Publicado: Madrid: Marcial Pons, 2010
Materias:
Acceso en línea:Acceso restringido

MARC

LEADER 00000nam a22000007a 4500
005 20161217202341.0
007 cr|||| ||||
008 161217s2010 es |||||s|||| 00||0 spa d
020 |a 978-84-9 123-049-6 
035 |a 14707 
040 |a vLex 
090 |c 6511  |d 6511 
100 1 |a Madrid Parra, Agustn̕ 
245 1 0 |a Derecho del sistema financiero y tecnologa̕  |h [Recurso electrn̤ico] /  |c Agustn̕ Madrid Parra 
256 |a Servicio en ln̕ea 
260 |a Madrid:  |b Marcial Pons,  |c 2010 
300 |a 1 recurso electrn̤ico 
500 |a Esta obra recopila las ms̀ importantes novedades y cambios jurd̕icos que, como consecuencia del desarrollo tecnolg̤ico propio de la Sociedad de la Informacin̤, las nuevas tecnologa̕s han determinado en el Derecho del Sistema financiero. Es en este m̀bito jurd̕ico donde inicialmente ms̀ impacto y atencin̤ ha provocado la aplicacin̤ de las nuevas tecnologa̕s. En cuanto al marco de referencia, que en esta materia es necesariamente mundial, hay una especial consideracin̤ y anl̀isis del Derecho nacional. Las reflexiones de los autores aqu ̕recogidas, en materias relativas al Derecho bancario, al Derecho de seguros, al Derecho del Mercado de Valores y a otras cuestiones jurd̕icas ms̀ generales del comercio electrn̤ico, permiten no sl̤o obtener una foto fija de la situacin̤ actual, sino tambiň otear las nuevas necesidades de ordenacin̤ que se atisban a la luz del permanente cambio tecnolg̤ico. 
506 1 |a Disponible solo en los productos indicados  |d vLex Global  |d vLex Global (Academic Edition, excluding Law Schools)  |d vLex Global (U.S. Academic Edition, Law Schools)  |d vLex Global (U.S. Academic Edition, excluding Law Schools)  |d vLex Global (Academic Edition, Law Schools) 
650 0 4 |a Derecho Mercantil y de la Empresa  |z Espaą 
740 0 |a vLex Libros (Servicio en ln̕ea) 
856 4 0 |u http://vlex.com/source/derecho-del-sistema-financiero-y-tecnologia-14707  |z Acceso restringido 
942 |c BOOK 
999 0 |a Commercial and Company Law